000 nam a22 7a 4500
999 _c4755
_d4755
005 20180817155416.0
008 180817b2018 my ||||| |||| 00| 0 eng d
040 _aAKMAL
082 _a382.709595 JKDM
090 _a382.709595
_bJKDM
240 _aAKTA KASTAM 1967
245 _aPERINTAH DUTI KASTAM 2017
_b[P.U.(A)5/2017]
260 _aJABATAN KASTAM DIRAJA MALAYSIA
_bPERCETAKAN NASIONAL MALAYSIA BERHAD
_c2017
300 _a1250pg
_b6cm
_c29cm
599 _aDALAM PROSES
650 _aCUSTOMS DUTIES
_xLaw and legislation
_z Malaysia
_99098
942 _2ddc
_cBOOK